[Event "GM-Turnier"]
[Site "Berlin"]
[Date "2009.07.08"]
[Round "7.1"]
[White "Stern, Rene"]
[Black "Schneider, Ilja"]
[Result "1/2-1/2"]
[WhiteElo "2498"]
[BlackElo "2508"]
[PlyCount "75"]
[EventDate "2009.07.??"]

1. d4 {1:30:26} 1... d5 {1:30:15} 2. c4 {1:30:49} 2... c6 {1:30:40} 3. cxd5 {
1:31:12} 3... cxd5 {1:31:06} 4. Nc3 {1:31:35} 4... Nf6 {1:30:34} 5. Bf4 {
1:31:59} 5... Nc6 {1:30:55} 6. e3 {1:32:22} 6... a6 {1:31:20} 7. Nf3 {1:31:48}
7... Bg4 {1:31:32} 8. h3 {1:32:10} 8... Bxf3 {1:30:29} 9. Qxf3 {1:32:29} 9...
e6 {1:30:52} 10. Bd3 {1:32:43} 10... Bd6 {1:25:19} 11. Bg5 {1:33:01} 11... h6 {
1:24:15} 12. Bxf6 {1:33:26} 12... Qxf6 {1:24:41} 13. Qxf6 {1:33:51} 13... gxf6
{1:25:05} 14. Rc1 {1:32:29} 14... Ke7 {1:23:56} 15. f4 {1:32:08} 15... Rac8 {
1:18:58} 16. Kf2 {1:24:57} 16... Na5 {1:17:35} 17. Ne2 {0:59:33} 17... b5 {
1:09:50} 18. Rxc8 {0:53:21} 18... Rxc8 {1:09:42} 19. b3 {0:53:46} 19... Ba3 {
1:02:21} 20. g4 {0:39:59} 20... Nc6 {1:00:41} 21. h4 {0:40:15} 21... Nb4 {
1:00:25} 22. Bb1 {0:40:37} 22... a5 {1:00:16} 23. g5 {0:37:24} 23... fxg5 {
0:59:02} 24. hxg5 {0:37:40} 24... hxg5 {0:59:23} 25. fxg5 {0:38:06} 25... Rg8 {
0:59:19} 26. Rh5 {0:34:34} 26... Bb2 {0:59:11} 27. Nf4 {0:22:31} 27... Kd6 {
0:40:01} 28. Kf3 {0:12:37} 28... a4 {0:40:12} 29. Nd3 {0:07:59} 29... Nxd3 {
0:38:43} 30. Bxd3 {0:08:25} 30... axb3 {0:37:57} 31. axb3 {0:08:50} 31... b4 {
0:37:48} 32. Rh7 {0:06:37} 32... Rxg5 {0:37:52} 33. Rxf7 {0:07:03} 33... e5 {
0:37:58} 34. Rf6+ {0:06:50} 34... Ke7 {0:37:57} 35. dxe5 {0:07:17} 35... Rxe5 {
0:37:50} 36. Rf5 {0:07:40} 36... Rxf5+ {0:38:13} 37. Bxf5 {0:08:01} 37... Kd6 {
0:38:39} 38. Bh7 {0:08:06} 1/2-1/2

[Event "GM-Turnier"]
[Site "Berlin"]
[Date "2009.07.08"]
[Round "7.2"]
[White "Agopov, Mikael"]
[Black "Maksimenko, Andrej"]
[Result "1/2-1/2"]
[WhiteElo "2442"]
[BlackElo "2544"]
[PlyCount "49"]
[EventDate "2009.07.??"]

1. e4 {1:30:28} 1... c5 {1:30:24} 2. Nf3 {1:30:52} 2... e6 {1:30:50} 3. d4 {
1:31:18} 3... cxd4 {1:31:14} 4. Nxd4 {1:31:47} 4... a6 {1:31:36} 5. Bd3 {
1:32:11} 5... Bc5 {1:31:31} 6. Nb3 {1:32:37} 6... Be7 {1:31:55} 7. Qg4 {1:32:57
} 7... g6 {1:32:10} 8. O-O {1:33:19} 8... d6 {1:32:17} 9. a4 {1:33:14} 9... b6
{1:31:00} 10. Qe2 {1:29:08} 10... Nd7 {1:31:08} 11. N1d2 {1:26:47} 11... Ngf6 {
1:23:05} 12. Nc4 {1:27:03} 12... O-O {1:13:45} 13. Bf4 {1:25:40} 13... d5 {
0:54:58} 14. exd5 {1:25:49} 14... Nxd5 {0:54:37} 15. Bg3 {1:25:53} 15... N7f6 {
0:52:07} 16. Ne5 {0:56:18} 16... Bb7 {0:50:20} 17. Rfd1 {0:55:08} 17... Qc8 {
0:24:53} 18. c4 {0:54:22} 18... Nb4 {0:24:51} 19. a5 {0:54:47} 19... bxa5 {
0:20:02} 20. Nxa5 {0:55:01} 20... Rd8 {0:18:59} 21. Qe3 {0:46:36} 21... Rb8 {
0:09:17} 22. Nf3 {0:27:14} 22... Ra8 {0:04:47} 23. Ne5 {0:26:15} 23... Rb8 {
0:05:16} 24. Nf3 {0:26:36} 24... Ra8 {0:05:45} 25. Ne5 {0:27:00} 1/2-1/2

[Event "GM-Turnier"]
[Site "Berlin"]
[Date "2009.07.08"]
[Round "7.3"]
[White "Lundin, Jan"]
[Black "Erdoes, Viktor"]
[Result "1/2-1/2"]
[WhiteElo "2382"]
[BlackElo "2565"]
[PlyCount "46"]
[EventDate "2009.07.??"]

1. e4 {1:30:27} 1... e6 {1:29:38} 2. d4 {1:30:47} 2... d5 {1:30:04} 3. Nd2 {
1:31:10} 3... Be7 {1:30:07} 4. exd5 {1:30:46} 4... exd5 {1:28:15} 5. Bd3 {
1:30:40} 5... Nf6 {1:28:31} 6. h3 {1:28:51} 6... O-O {1:25:41} 7. Ne2 {1:25:46}
7... c5 {1:24:54} 8. c3 {1:13:45} 8... Nc6 {1:23:04} 9. O-O {1:13:00} 9... cxd4
{1:22:33} 10. Nxd4 {1:13:08} 10... Nxd4 {1:22:29} 11. cxd4 {1:13:20} 11... Qb6
{1:22:19} 12. Re1 {1:10:13} 12... Be6 {0:54:17} 13. Nf3 {1:08:58} 13... Ne4 {
0:50:48} 14. Bxe4 {1:07:01} 14... dxe4 {0:51:00} 15. Rxe4 {1:07:07} 15... Bf6 {
0:50:53} 16. a4 {0:44:39} 16... Rad8 {0:44:34} 17. a5 {0:39:18} 17... Qb5 {
0:37:58} 18. Qa4 {0:31:28} 18... Qd5 {0:37:24} 19. Rf4 {0:29:54} 19... Be7 {
0:35:51} 20. Ne5 {0:18:22} 20... Bd6 {0:08:35} 21. Rh4 {0:13:53} 21... Be7 {
0:07:54} 22. Rf4 {0:13:08} 22... Bd6 {0:08:22} 23. Rh4 {0:13:33} 23... Be7 {
0:06:21} 1/2-1/2

[Event "GM-Turnier"]
[Site "Berlin"]
[Date "2009.07.08"]
[Round "7.4"]
[White "Rabiega, Robert"]
[Black "Jemelin, Wassili"]
[Result "1-0"]
[WhiteElo "2551"]
[BlackElo "2588"]
[PlyCount "69"]
[EventDate "2009.07.??"]

1. e4 {1:30:27} 1... e5 {1:30:23} 2. Nf3 {1:30:52} 2... Nc6 {1:30:49} 3. Bc4 {
1:31:08} 3... Nf6 {1:31:13} 4. d3 {1:31:14} 4... Be7 {1:28:50} 5. O-O {1:31:17}
5... O-O {1:29:12} 6. Re1 {1:31:37} 6... d6 {1:29:38} 7. a4 {1:31:52} 7... h6 {
1:29:06} 8. a5 {1:31:26} 8... a6 {1:29:31} 9. h3 {1:31:35} 9... Nh7 {1:16:21}
10. Nc3 {1:30:42} 10... Kh8 {1:16:22} 11. Nd5 {1:15:41} 11... f5 {1:14:23} 12.
exf5 {1:14:34} 12... Bxf5 {1:14:21} 13. c3 {0:55:45} 13... Nf6 {0:40:41} 14. d4
{0:37:32} 14... Nxd5 {0:40:24} 15. Bxd5 {0:37:51} 15... exd4 {0:40:44} 16. Bxc6
{0:37:41} 16... bxc6 {0:40:58} 17. Nxd4 {0:38:03} 17... Bd7 {0:18:22} 18. Ne6 {
0:33:37} 18... Bxe6 {0:18:49} 19. Rxe6 {0:33:59} 19... Bf6 {0:18:52} 20. Qg4 {
0:23:36} 20... Re8 {0:18:43} 21. Bd2 {0:17:08} 21... Rxe6 {0:15:18} 22. Qxe6 {
0:17:29} 22... Qe8 {0:09:54} 23. Qc4 {0:17:19} 23... c5 {0:09:17} 24. Re1 {
0:13:42} 24... Qg8 {0:08:50} 25. Re6 {0:09:13} 25... Qf7 {0:03:23} 26. f4 {
0:03:19} 26... Rb8 {0:02:31} 27. Qe4 {0:03:25} 27... d5 {0:01:30} 28. Qxd5 {
0:03:02} 28... Rd8 {0:01:48} 29. Qe4 {0:03:26} 29... Qd7 {0:00:08} 30. Be3 {
0:03:09} 30... Qb5 {0:00:19} 31. Qg6 {0:02:32} 31... Qe2 {0:00:03} 32. Kh2 {
0:02:08} 32... Rf8 {0:00:07} 33. f5 {0:01:53} 33... Qxb2 {0:00:12} 34. Bxc5 {
0:02:14} 34... Rg8 {0:00:04} 35. Rxf6 {0:02:35} 1-0

[Event "GM-Turnier"]
[Site "Berlin"]
[Date "2009.07.08"]
[Round "7.5"]
[White "Figura, Atila Gajo"]
[Black "Paehtz, Elisabeth"]
[Result "1-0"]
[WhiteElo "2436"]
[BlackElo "2474"]
[PlyCount "85"]
[EventDate "2009.07.??"]

1. d4 {1:30:28} 1... e6 {1:30:27} 2. c4 {1:30:37} 2... Nf6 {1:30:53} 3. Nc3 {
1:31:02} 3... Bb4 {1:31:19} 4. Qc2 {1:31:27} 4... c5 {1:31:45} 5. dxc5 {1:31:52
} 5... O-O {1:32:11} 6. a3 {1:32:15} 6... Bxc5 {1:32:38} 7. Nf3 {1:32:18} 7...
b6 {1:33:03} 8. Bf4 {1:32:13} 8... Nh5 {1:33:03} 9. Bg3 {1:25:55} 9... Bb7 {
1:33:28} 10. e3 {1:26:10} 10... Bxf3 {1:33:31} 11. gxf3 {1:26:37} 11... f5 {
1:33:56} 12. f4 {1:24:43} 12... Nc6 {1:33:10} 13. Be2 {1:19:20} 13... Nf6 {
1:33:17} 14. Rd1 {1:19:41} 14... Rc8 {1:31:11} 15. b4 {1:16:58} 15... Be7 {
1:31:15} 16. Qd3 {1:12:34} 16... a5 {1:25:16} 17. b5 {1:11:08} 17... Nb8 {
1:25:39} 18. a4 {1:10:41} 18... d5 {1:09:29} 19. O-O {1:04:39} 19... Qc7 {
1:01:27} 20. Na2 {0:58:49} 20... dxc4 {1:00:26} 21. Qc2 {0:59:14} 21... Nd5 {
0:45:57} 22. Rd4 {0:55:06} 22... c3 {0:45:49} 23. Rc4 {0:54:27} 23... Qxc4 {
0:43:32} 24. Bxc4 {0:54:55} 24... Rxc4 {0:43:57} 25. Re1 {0:45:35} 25... Nd7 {
0:39:13} 26. e4 {0:44:47} 26... Nb4 {0:15:31} 27. Qb3 {0:36:10} 27... Rfc8 {
0:15:40} 28. Nxc3 {0:35:54} 28... Bf6 {0:13:17} 29. Nb1 {0:26:23} 29... Kf8 {
0:10:21} 30. exf5 {0:15:23} 30... exf5 {0:10:17} 31. Qd1 {0:15:43} 31... Rd4 {
0:09:51} 32. Qh5 {0:15:57} 32... Nd3 {0:06:57} 33. Rd1 {0:13:00} 33... Rc1 {
0:03:09} 34. Rxc1 {0:11:47} 34... Nxc1 {0:03:35} 35. Qxf5 {0:11:44} 35... Nc5 {
0:02:44} 36. Nc3 {0:08:26} 36... Rd6 {0:01:22} 37. Ne4 {0:05:01} 37... Ne2+ {
0:01:49} 38. Kg2 {0:05:25} 38... Nxe4 {0:00:41} 39. Qxe4 {0:05:50} 39... Nc3 {
0:01:08} 40. Qc4 {0:04:14} 40... Rd8 {0:00:13} 41. f5 {0:03:57} 41... Nd5 {
0:29:34} 42. Bc7 {0:28:41} 42... Rd7 {0:25:03} 43. Bxb6 {0:26:52} 1-0

[Event "GM-Turnier"]
[Site "Berlin"]
[Date "2009.07.08"]
[Round "7.6"]
[White "Tischbierek, Raj"]
[Black "Kurmann, Oliver"]
[Result "0-1"]
[WhiteElo "2447"]
[BlackElo "2420"]
[PlyCount "72"]
[EventDate "2009.07.??"]

1. e4 {1:29:54} 1... c5 {1:29:51} 2. Nf3 {1:30:06} 2... e6 {1:30:17} 3. d4 {
1:30:05} 3... cxd4 {1:30:41} 4. Nxd4 {1:30:32} 4... Nc6 {1:31:04} 5. Nc3 {
1:30:33} 5... a6 {1:31:29} 6. Be2 {1:29:48} 6... d6 {1:31:50} 7. O-O {1:29:56}
7... Nf6 {1:32:16} 8. Be3 {1:29:49} 8... Be7 {1:32:34} 9. f4 {1:30:04} 9... O-O
{1:32:45} 10. Kh1 {1:28:30} 10... Bd7 {1:32:01} 11. Qe1 {1:28:06} 11... b5 {
1:30:58} 12. a3 {1:27:28} 12... Qb8 {1:31:14} 13. Bd3 {1:22:23} 13... Nxd4 {
1:20:02} 14. Bxd4 {1:21:52} 14... e5 {1:20:26} 15. Be3 {1:12:55} 15... Bc6 {
1:18:21} 16. fxe5 {1:07:40} 16... Ng4 {0:59:55} 17. exd6 {0:58:06} 17... Bxd6 {
0:59:56} 18. h3 {0:49:13} 18... Bg3 {1:00:06} 19. Qe2 {0:48:30} 19... Nxe3 {
1:00:29} 20. Qxe3 {0:48:56} 20... Be5 {1:00:51} 21. Nd1 {0:46:15} 21... Qb7 {
0:54:06} 22. Qc5 {0:11:09} 22... Rae8 {0:51:32} 23. c4 {0:11:28} 23... Qd7 {
0:37:47} 24. Nf2 {0:07:32} 24... Bxb2 {0:25:40} 25. cxb5 {0:06:40} 25... axb5 {
0:26:01} 26. Rad1 {0:06:18} 26... Bd4 {0:18:03} 27. Qf5 {0:06:45} 27... Qb7 {
0:17:58} 28. Rb1 {0:04:14} 28... g6 {0:12:13} 29. Qg4 {0:03:31} 29... Qa7 {
0:10:24} 30. Qf3 {0:02:47} 30... f5 {0:09:18} 31. Bxb5 {0:01:54} 31... Bxb5 {
0:05:03} 32. Rxb5 {0:02:18} 32... fxe4 {0:05:24} 33. Qb3+ {0:02:40} 33... Qf7 {
0:05:34} 34. Ng4 {0:00:56} 34... Qxb3 {0:05:53} 35. Rxf8+ {0:01:23} 35... Kxf8
{0:04:28} 36. Rxb3 {0:01:50} 36... e3 {0:04:50} 0-1

[Event "GM-Turnier"]
[Site "Berlin"]
[Date "2009.07.09"]
[Round "8.1"]
[White "Schneider, Ilja"]
[Black "Kurmann, Oliver"]
[Result "1-0"]
[WhiteElo "2508"]
[BlackElo "2420"]
[PlyCount "71"]
[EventDate "2009.07.??"]

1. Nf3 {1:30:20} 1... Nf6 {1:28:24} 2. c4 {1:30:39} 2... c5 {1:27:31} 3. Nc3 {
1:30:06} 3... e6 {1:27:48} 4. g3 {1:29:51} 4... b6 {1:28:10} 5. Bg2 {1:30:11}
5... Bb7 {1:28:33} 6. O-O {1:30:26} 6... d6 {1:28:53} 7. d4 {1:16:40} 7... cxd4
{1:28:44} 8. Qxd4 {1:16:06} 8... a6 {1:28:58} 9. b3 {1:15:22} 9... Nbd7 {
1:27:29} 10. Bb2 {1:14:38} 10... Be7 {1:27:32} 11. Rfd1 {1:12:57} 11... Qc7 {
1:22:28} 12. Ng5 {1:07:19} 12... Bxg2 {1:20:37} 13. Kxg2 {1:07:42} 13... O-O {
1:17:15} 14. Rac1 {1:04:51} 14... Rfd8 {1:11:57} 15. Qe3 {1:01:09} 15... Qc5 {
1:00:55} 16. Rd4 {0:53:20} 16... e5 {0:32:34} 17. Rd2 {0:39:39} 17... Qxe3 {
0:25:07} 18. fxe3 {0:40:06} 18... Ng4 {0:25:24} 19. Nge4 {0:40:26} 19... Nxe3+
{0:25:21} 20. Kf3 {0:40:03} 20... Nf5 {0:25:39} 21. Rcd1 {0:37:33} 21... h5 {
0:11:52} 22. Nd5 {0:35:35} 22... Bf8 {0:11:47} 23. Ne3 {0:34:32} 23... Nxe3 {
0:10:25} 24. Kxe3 {0:34:54} 24... f6 {0:06:43} 25. Ba3 {0:31:55} 25... g6 {
0:03:06} 26. Kf2 {0:32:07} 26... Kf7 {0:02:59} 27. Bxd6 {0:31:11} 27... Bh6 {
0:00:23} 28. Rd5 {0:31:19} 28... Nf8 {0:00:15} 29. Bc7 {0:29:25} 29... Rxd5 {
0:00:35} 30. Rxd5 {0:29:48} 30... b5 {0:00:32} 31. c5 {0:30:13} 31... a5 {
0:00:05} 32. c6 {0:30:22} 32... f5 {0:00:05} 33. Rd8 {0:28:16} 33... Rxd8 {
0:00:13} 34. Bxd8 {0:28:41} 34... Ke8 {0:00:14} 35. c7 {0:29:05} 35... Kd7 {
0:00:41} 36. Nd6 {0:29:32} 1-0

[Event "GM-Turnier"]
[Site "Berlin"]
[Date "2009.07.09"]
[Round "8.2"]
[White "Paehtz, Elisabeth"]
[Black "Tischbierek, Raj"]
[Result "1/2-1/2"]
[WhiteElo "2474"]
[BlackElo "2447"]
[PlyCount "24"]
[EventDate "2009.07.??"]

1. d4 {1:21:55} 1... d6 {1:30:24} 2. Qd2 {1:22:11} 2... e5 {1:30:45} 3. a4 {
1:22:38} 3... e4 {1:31:05} 4. h3 {1:23:04} 4... f5 {1:31:27} 5. Qf4 {1:23:31}
5... Be7 {1:23:58} 6. Qh2 {1:23:58} 6... Be6 {1:32:07} 7. Ra3 {1:24:23} 7... c5
{1:32:27} 8. Rg3 {1:24:49} 8... Qa5+ {1:32:50} 9. Nd2 {1:25:15} 9... Bb3 {
1:33:12} 10. d5 {1:25:33} 10... Bh4 {1:33:35} 11. c4 {1:26:01} 11... e3 {
1:33:56} 12. f3 {1:26:30} 12... f4 {1:34:21} 1/2-1/2

[Event "GM-Turnier"]
[Site "Berlin"]
[Date "2009.07.09"]
[Round "8.3"]
[White "Jemelin, Wassili"]
[Black "Figura, Atila Gajo"]
[Result "1/2-1/2"]
[WhiteElo "2588"]
[BlackElo "2436"]
[PlyCount "109"]
[EventDate "2009.07.??"]

1. e4 {1:24:38} 1... c6 {1:30:22} 2. d4 {1:22:54} 2... d5 {1:30:46} 3. e5 {
1:23:03} 3... Bf5 {1:31:07} 4. Nd2 {1:23:16} 4... e6 {1:31:02} 5. Nb3 {1:23:42}
5... Nd7 {1:29:35} 6. Nf3 {1:23:23} 6... h6 {1:27:34} 7. Be2 {1:23:17} 7... Ne7
{1:27:51} 8. O-O {1:23:35} 8... Bh7 {1:24:33} 9. Bd2 {1:23:11} 9... Nf5 {
1:24:46} 10. Rc1 {1:07:43} 10... Be7 {1:24:18} 11. c4 {0:59:30} 11... dxc4 {
1:22:13} 12. Na5 {0:56:05} 12... Qc8 {1:20:54} 13. Bxc4 {0:32:08} 13... Nb6 {
1:18:14} 14. Be2 {0:32:09} 14... O-O {1:16:52} 15. b4 {0:31:42} 15... Qd7 {
1:15:01} 16. Nb3 {0:32:04} 16... Nd5 {1:11:40} 17. a3 {0:32:12} 17... Rfd8 {
1:06:17} 18. g3 {0:26:47} 18... b6 {0:58:33} 19. Ra1 {0:20:11} 19... Rac8 {
0:45:29} 20. Qc1 {0:17:01} 20... Bg6 {0:40:56} 21. Rd1 {0:12:40} 21... Bh5 {
0:37:16} 22. h3 {0:11:33} 22... Bxf3 {0:33:23} 23. Bxf3 {0:11:59} 23... c5 {
0:32:04} 24. dxc5 {0:08:34} 24... bxc5 {0:32:22} 25. bxc5 {0:08:51} 25... Qb5 {
0:32:44} 26. Rb1 {0:07:19} 26... Bxc5 {0:31:28} 27. Nxc5 {0:07:26} 27... Qxc5 {
0:31:51} 28. Qxc5 {0:07:02} 28... Rxc5 {0:32:16} 29. Rdc1 {0:04:19} 29... Nd4 {
0:29:28} 30. Bd1 {0:04:47} 30... Rxc1 {0:21:56} 31. Rxc1 {0:05:16} 31... Rb8 {
0:22:19} 32. Kg2 {0:05:20} 32... Rb2 {0:14:13} 33. Bc3 {0:05:38} 33... Nxc3 {
0:12:40} 34. Rxc3 {0:06:07} 34... Rb5 {0:05:43} 35. Rc8+ {0:02:49} 35... Kh7 {
0:06:12} 36. Rd8 {0:02:37} 36... Nc6 {0:04:24} 37. Bc2+ {0:02:59} 37... g6 {
0:04:52} 38. Ba4 {0:03:18} 38... Rb6 {0:04:26} 39. Bxc6 {0:01:14} 39... Rxc6 {
0:04:54} 40. Rd7 {0:01:35} 40... Kg7 {0:04:54} 41. Rxa7 {0:00:31} 41... Rc5 {
0:28:06} 42. f4 {0:12:43} 42... Rc2+ {0:28:18} 43. Kf3 {0:12:12} 43... Rc3+ {
0:24:34} 44. Kg4 {0:11:15} 44... Rb3 {0:24:48} 45. a4 {0:05:12} 45... Ra3 {
0:25:06} 46. Ra8 {0:03:24} 46... Kh7 {0:25:17} 47. Rf8 {0:03:40} 47... Kg7 {
0:25:41} 48. Ra8 {0:04:09} 48... Kh7 {0:26:04} 49. a5 {0:02:12} 49... Kg7 {
0:26:11} 50. a6 {0:02:20} 50... Kh7 {0:26:08} 51. h4 {0:01:43} 51... h5+ {
0:24:57} 52. Kh3 {0:02:09} 52... Ra2 {0:25:15} 53. Rf8 {0:02:20} 53... Kg7 {
0:25:40} 54. Ra8 {0:02:47} 54... Kh7 {0:26:05} 55. Rf8 {0:03:04} 1/2-1/2

[Event "GM-Turnier"]
[Site "Berlin"]
[Date "2009.07.09"]
[Round "8.4"]
[White "Erdoes, Viktor"]
[Black "Rabiega, Robert"]
[Result "1/2-1/2"]
[WhiteElo "2565"]
[BlackElo "2551"]
[PlyCount "79"]
[EventDate "2009.07.??"]

1. d4 {1:27:16} 1... d5 {1:30:25} 2. c4 {1:27:38} 2... dxc4 {1:30:49} 3. Nf3 {
1:28:02} 3... Nf6 {1:31:13} 4. e3 {1:28:27} 4... e6 {1:31:23} 5. Bxc4 {1:28:51}
5... c5 {1:31:43} 6. O-O {1:29:15} 6... a6 {1:32:08} 7. dxc5 {1:27:32} 7...
Bxc5 {1:32:29} 8. Qxd8+ {1:27:49} 8... Kxd8 {1:32:54} 9. Ne5 {1:28:09} 9... Ke7
{1:33:19} 10. Be2 {1:28:34} 10... Bd7 {1:33:44} 11. Bf3 {1:18:52} 11... Nc6 {
1:27:51} 12. Nxc6+ {1:18:38} 12... Bxc6 {1:22:04} 13. Bxc6 {1:18:57} 13... bxc6
{1:22:29} 14. Bd2 {1:19:14} 14... Ne4 {1:00:43} 15. Rc1 {1:17:17} 15... Rhb8 {
0:45:50} 16. Rc2 {1:11:40} 16... a5 {0:35:13} 17. Be1 {1:02:09} 17... Bb4 {
0:34:28} 18. Kf1 {1:00:27} 18... Ra7 {0:28:21} 19. Na3 {0:54:18} 19... c5 {
0:12:08} 20. Nc4 {0:39:57} 20... Nd6 {0:12:33} 21. Nxd6 {0:27:03} 21... Kxd6 {
0:12:46} 22. Rd1+ {0:27:19} 22... Kc6 {0:08:59} 23. Rdc1 {0:27:27} 23... Kd6 {
0:09:22} 24. Rd1+ {0:22:03} 24... Kc6 {0:09:33} 25. Rdc1 {0:22:28} 25... Kd6 {
0:09:42} 26. Bd2 {0:22:55} 26... a4 {0:09:37} 27. Bxb4 {0:21:16} 27... Rxb4 {
0:07:26} 28. Rd1+ {0:21:42} 28... Kc6 {0:06:21} 29. Rd8 {0:21:44} 29... Rab7 {
0:06:17} 30. Rdd2 {0:18:45} 30... h5 {0:05:59} 31. Ke2 {0:18:55} 31... g5 {
0:02:36} 32. Kd1 {0:18:37} 32... Rh4 {0:02:48} 33. h3 {0:19:00} 33... g4 {
0:03:04} 34. hxg4 {0:19:21} 34... Rxg4 {0:02:58} 35. g3 {0:19:28} 35... h4 {
0:02:42} 36. gxh4 {0:19:54} 36... Rxh4 {0:03:08} 37. Rd8 {0:17:17} 37... Rh1+ {
0:03:05} 38. Kd2 {0:17:02} 38... Ra1 {0:03:07} 39. a3 {0:13:49} 39... Ra2 {
0:03:14} 40. Kc1 {0:11:43} 1/2-1/2

[Event "GM-Turnier"]
[Site "Berlin"]
[Date "2009.07.09"]
[Round "8.5"]
[White "Maksimenko, Andrej"]
[Black "Lundin, Jan"]
[Result "1/2-1/2"]
[WhiteElo "2544"]
[BlackElo "2382"]
[PlyCount "52"]
[EventDate "2009.07.??"]

1. c4 {1:30:28} 1... c6 {1:27:33} 2. d4 {1:30:43} 2... d5 {1:27:57} 3. Nc3 {
1:30:45} 3... Nf6 {1:28:21} 4. Nf3 {1:28:59} 4... a6 {1:28:42} 5. a4 {1:25:17}
5... e6 {1:28:22} 6. g3 {1:25:05} 6... a5 {1:25:06} 7. Bg2 {1:25:05} 7... Be7 {
1:23:01} 8. O-O {1:24:54} 8... O-O {1:22:38} 9. Bf4 {1:09:35} 9... b6 {0:58:35}
10. Rc1 {0:52:02} 10... Na6 {0:51:25} 11. e4 {0:42:37} 11... Nb4 {0:46:13} 12.
e5 {0:31:07} 12... Nd7 {0:45:03} 13. cxd5 {0:19:19} 13... exd5 {0:44:21} 14.
Qd2 {0:18:28} 14... Re8 {0:43:14} 15. Bg5 {0:16:35} 15... Nf8 {0:39:52} 16.
Bxe7 {0:16:07} 16... Qxe7 {0:39:32} 17. Rfe1 {0:16:19} 17... Ng6 {0:35:30} 18.
h4 {0:13:13} 18... h6 {0:31:25} 19. Nh2 {0:12:49} 19... Qd7 {0:21:33} 20. f4 {
0:12:21} 20... Qf5 {0:19:49} 21. Re3 {0:11:35} 21... h5 {0:16:16} 22. Bf3 {
0:05:09} 22... Ba6 {0:13:13} 23. Qd1 {0:04:04} 23... Qh3 {0:11:56} 24. Bg2 {
0:04:06} 24... Qf5 {0:12:11} 25. Bf3 {0:04:34} 25... Qh3 {0:12:37} 26. Bg2 {
0:03:41} 26... Qf5 {0:13:02} 1/2-1/2

[Event "GM-Turnier"]
[Site "Berlin"]
[Date "2009.07.09"]
[Round "8.6"]
[White "Stern, Rene"]
[Black "Agopov, Mikael"]
[Result "1/2-1/2"]
[WhiteElo "2498"]
[BlackElo "2442"]
[PlyCount "86"]
[EventDate "2009.07.??"]

1. d4 {1:30:26} 1... Nf6 {1:30:22} 2. c4 {1:30:51} 2... e6 {1:30:48} 3. Nc3 {
1:31:13} 3... Bb4 {1:31:14} 4. Nf3 {1:31:36} 4... b6 {1:31:34} 5. Qb3 {1:31:57}
5... c5 {1:31:38} 6. a3 {1:29:58} 6... cxd4 {1:27:36} 7. axb4 {1:20:47} 7...
dxc3 {1:26:53} 8. Qxc3 {1:08:55} 8... O-O {1:16:54} 9. b3 {1:06:26} 9... Ne4 {
1:13:37} 10. Qc2 {1:05:14} 10... f5 {1:08:53} 11. e3 {1:04:58} 11... Nc6 {
1:05:18} 12. Ra4 {1:04:32} 12... a5 {1:00:34} 13. Ba3 {0:59:54} 13... Qf6 {
0:49:51} 14. Nd4 {0:45:32} 14... Nxd4 {0:40:14} 15. exd4 {0:45:52} 15... Qxd4 {
0:34:25} 16. Bb2 {0:46:00} 16... Qd6 {0:34:25} 17. f3 {0:45:42} 17... Nf6 {
0:34:28} 18. Be2 {0:45:48} 18... Qc7 {0:27:44} 19. O-O {0:30:37} 19... d6 {
0:20:20} 20. Qd2 {0:21:28} 20... Bd7 {0:18:43} 21. b5 {0:21:53} 21... Rad8 {
0:16:06} 22. Bd4 {0:17:03} 22... e5 {0:15:58} 23. Bf2 {0:17:23} 23... Be6 {
0:15:35} 24. Rd1 {0:14:43} 24... d5 {0:14:43} 25. cxd5 {0:14:24} 25... Bxd5 {
0:13:13} 26. Qe3 {0:14:16} 26... Bf7 {0:12:01} 27. Rc1 {0:12:02} 27... Qe7 {
0:08:47} 28. Qxb6 {0:12:20} 28... Nd5 {0:09:12} 29. Qxa5 {0:11:06} 29... Qg5 {
0:09:07} 30. Re1 {0:11:17} 30... Nf4 {0:09:11} 31. Bg3 {0:11:31} 31... Nxe2+ {
0:07:33} 32. Rxe2 {0:11:58} 32... Rd1+ {0:07:57} 33. Re1 {0:12:17} 33... Qe3+ {
0:06:41} 34. Bf2 {0:12:39} 34... Qxb3 {0:06:46} 35. b6 {0:06:42} 35... e4 {
0:05:12} 36. fxe4 {0:03:24} 36... Rxe1+ {0:05:38} 37. Bxe1 {0:03:52} 37... fxe4
{0:06:04} 38. Rxe4 {0:03:50} 38... Bd5 {0:04:01} 39. Re2 {0:01:57} 39... Qd3 {
0:01:28} 40. Qd2 {0:01:10} 40... Bc4 {0:00:55} 41. Qxd3 {0:27:48} 41... Bxd3 {
0:31:20} 42. Rf2 {0:28:15} 42... Rxf2 {0:31:44} 43. Kxf2 {0:28:40} 43... Be4 {
0:32:06} 1/2-1/2